[Event "Tourn. n8038"]
[Site "www.chess-mail.com"]
[Date "2015.02.06"]
[Round "1"]
[White "Luban"]
[Black "Difficult"]
[WhiteElo "2130"]
[BlackElo "2000"]
[Result "1/2-1/2"]
[Round "1"]
1.d4 d5
2.Ng1f3 Ng8f6
3.e3 Bc8g4
4.c4 c6
5.Nb1c3 e6
6.a3 Nb8d7
7.h3 Bg4xf3
8.Qd1xf3 Bf8e7
9.Bf1d3 dxc4
10.Bd3xc4 O-O
11.e4 e5
12.d5 Nd7b6
13.Bc4a2 cxd5
14.exd5 Be7d6
15.Bc1g5 Nb6d7
16.O-O a6
17.Nc3e4 Qd8e7
18.Ne4xf6 Nd7xf6
19.Bg5xf6 Qe7xf6
20.Qf3xf6 gxf6
21.Ra1c1 Ra8c8
22.b4 f5
23.g4 fxg4
24.hxg4 Rf8e8
25.Kg2 Kg7
26.Kf3 Kf6
27.Rf1h1 Kg7
28.Ke4 f6
29.Ba2b3 Kg6
30.f3 Rc8xc1
31.Rh1xc1 Re8e7
32.Rc1c8 { draw }
1/2-1/2

[Event "Tourn. n8029"]
[Site "www.chess-mail.com"]
[Date "2015.02.06"]
[Round "1"]
[White "Preacher59"]
[Black "Mrbabu"]
[WhiteElo "2000"]
[BlackElo "1980"]
[Result "0-1"]
[Round "1"]
1.c4 e5
2.Nb1c3 Nb8c6
3.d3 Ng8f6
4.Bc1g5 d6
5.g3 Bf8e7
6.Bf1g2 O-O
7.e3 h6
8.Bg5xf6 Be7xf6
9.Ng1e2 Bc8e6
10.Ra1b1 Qd8d7
11.h3 a6
12.b4 Nc6e7
13.a4 c6
14.b5 d5
15.bxc6 bxc6
16.cxd5 cxd5
17.g4 Ra8d8
18.Rb1b6 a5
19.Qd1c2 Rd8c8
20.O-O d4
21.Nc3e4 Rc8xc2
{ resign }
0-1

[Event "Tourn. n7974"]
[Site "www.chess-mail.com"]
[Date "2015.02.06"]
[Round "1"]
[White "Luban"]
[Black "Libiesse"]
[WhiteElo "2180"]
[BlackElo "2030"]
[Result "1-0"]
[Round "1"]
1.d4 d5
2.Ng1f3 e6
3.e3 Ng8f6
4.c4 c5
5.Nb1c3 cxd4
6.exd4 b6
7.h3 Bf8e7
8.Bf1d3 dxc4
9.Bd3xc4 Qd8c7
10.Bc4e2 Bc8b7
11.Bc1e3 O-O
12.O-O Rf8d8
13.Ra1c1 Nb8c6
14.Qd1c2 Qc7d7
15.Be2b5 Nf6d5
16.Bb5xc6 Bb7xc6
17.Nf3e5 Qd7e8
18.Ne5xc6 Qe8xc6
19.Nc3xd5 Qc6xd5
20.Qc2c4 Qd5d7
21.Qc4a6 Be7f6
22.Rf1d1 Qd7d5
23.Rc1c7  { time }
1-0

[Event "Tourn. n7923"]
[Site "www.chess-mail.com"]
[Date "2015.02.06"]
[Round "1"]
[White "Hugol"]
[Black "Udo40"]
[WhiteElo "1870"]
[BlackElo "1720"]
[Result "1-0"]
[Round "1"]
1.e4 e5
2.Ng1f3 Nb8c6
3.Bf1c4 Ng8f6
4.Nb1c3 Nf6xe4
5.Nc3xe4 d5
6.Qd1e2 dxc4
7.Qe2xc4 Bc8e6
8.Qc4c3 f5
9.Ne4g3 f4
10.Ng3e4 Bf8b4
11.Qc3d3 Qd8e7
12.c3 Ra8d8
13.Qd3c2 Bb4a5
14.O-O Rh8f8
15.Qc2a4 Kd7
16.Nf3xe5 Kc8
17.Ne5xc6 bxc6
18.Qa4xa5 Be6c4
19.Rf1e1 Qe7f7
20.f3 Rf8e8
21.Qa5xa7 Bc4d3
22.b4 Qf7g6
23.Qa7a8 Kd7
24.Ne4c5 Kd6
25.Qa8xd8 Re8xd8
26.Re1e6 Qg6xe6
27.Nc5xe6 Kxe6
28.Bc1b2 Bd3c4
29.d4 g5
30.a4 Kd6
31.Ra1e1 Rd8a8
32.a5 Bc4b5
33.Re1e5 h6
34.Bb2c1 Bb5c4
35.h4 Ra8g8
36.hxg5 hxg5
37.Bc1a3 Kd7
38.Re5c5 Bc4b5
39.d5 cxd5
40.Rc5xb5 c6
41.Rb5b7 Kc8
42.a6 Rg8e8
43.Rb7g7 Re8e5
44.a7 { resign }
1-0

[Event "Tourn. n8002"]
[Site "www.chess-mail.com"]
[Date "2015.02.06"]
[Round "1"]
[White "Bigoak"]
[Black "Osopanda"]
[WhiteElo "1970"]
[BlackElo "2020"]
[Result "1/2-1/2"]
[Round "1"]
1.e4 c5
2.f4 d6
3.Ng1f3 Nb8c6
4.Bf1b5 Bc8d7
5.O-O a6
6.Bb5xc6 Bd7xc6
7.Nb1c3 e6
8.d3 Ng8e7
9.Kh1 g6
10.Bc1e3 Bf8g7
11.Qd1d2 O-O
12.g4 f5
13.Qd2g2 b5
14.Nc3e2 fxe4
15.dxe4 Bc6xe4
16.c3 Ne7d5
17.Be3f2 Nd5xf4
18.Ne2xf4 Rf8xf4
19.Bf2e3 Bg7e5
20.Be3xf4 Be5xf4
21.Qg2e2 d5
22.Ra1e1 Qd8h4
23.Kg1 Qh4xg4
24.Kh1 Ra8f8
25.Qe2g2 Qg4h5
26.Rf1f2 e5
27.Re1xe4 dxe4
28.Nf3e1 Qh5d1
29.Qg2xe4 Rf8d8
30.Rf2xf4 exf4
31.Qe4e6 { draw }
1/2-1/2

[Event "Tourn. n7891"]
[Site "www.chess-mail.com"]
[Date "2015.02.06"]
[Round "1"]
[White "Sonivano"]
[Black "Luban"]
[WhiteElo "2280"]
[BlackElo "2120"]
[Result "0-1"]
[Round "1"]
1.e4 c6
2.d4 d5
3.Nb1c3 dxe4
4.Nc3xe4 Bc8f5
5.Ne4g3 Bf5g6
6.h4 h6
7.h5 Bg6h7
8.Bf1d3 Bh7xd3
9.Qd1xd3 e6
10.Ng1f3 Nb8d7
11.Bc1d2 Ng8f6
12.O-O-O Bf8d6
13.Ng3e4 Nf6xe4
14.Qd3xe4 Nd7f6
15.Qe4d3 Qd8c7
16.Kb1 Nf6g4
17.Qd3e2 O-O
18.Rh1h4 Ng4xf2
19.Qe2xf2 Bd6g3
20.Qf2e2 Bg3xh4
21.Nf3xh4 Ra8d8
22.Qe2g4 Kh7
23.Bd2f4 Qc7e7
24.c3 Qe7f6
25.Bf4e5 Qf6g5
26.Qg4xg5 hxg5
27.Nh4f3 f6
28.Be5g3 e5
29.Rd1e1 g4
30.Nf3h4 exd4
31.cxd4 Rf8e8
32.Re1xe8 Rd8xe8
33.Kc1 Re8e4
34.Bg3f2 Re4e2
35.Bf2g3 Kh6
36.Nh4f5 Kxh5
37.Bg3b8 Re2xg2
38.Nf5xg7 Kg6
39.Ng7e6 Rg2g1
40.Kc2 a6
41.Ne6f4 Kf5
42.Nf4e2 Rg1g2
43.Kd3 Kg5
44.Bb8f4 Kh4
45.Ke3 Kh3
46.Bf4c7 Kh4
47.a4 Kg5
48.Bc7f4 Kg6
49.Bf4c7 Kf7
50.Bc7g3 b5
51.Kd2 f5
52.Ke1 bxa4
53.Kf1 Rg2xg3
54.Ne2xg3 Ke6
55.Kf2 f4
56.Ng3e2 Kd5
57.Ne2c3 Kxd4
58.Nc3xa4 Kc4
{ resign }
0-1

[Event "Tourn. n8050"]
[Site "www.chess-mail.com"]
[Date "2015.02.06"]
[Round "1"]
[White "Bojan"]
[Black "Gorgo"]
[WhiteElo "2040"]
[BlackElo "1819"]
[Result "0-1"]
[Round "1"]
1.c4 e5
2.b3 Ng8f6
3.Bc1b2 Nb8c6
4.g3 d5
5.e3 Bc8g4
6.f3 Bg4e6
7.cxd5 Nf6xd5
8.Bf1c4 Qd8d7
9.Qd1e2 Nd5b4
10.Bc4xe6 Qd7xe6
11.Kd1 O-O-O
12.Nb1c3 Nb4d3
13.Kc2 Qe6g6
14.e4 Nc6d4
15.Kxd3 Qg6a6
16.Ke3 Nd4xe2
17.Ng1xe2 Bf8c5
18.d4 exd4
{ resign }
0-1

[Event "Tourn. n7862"]
[Site "www.chess-mail.com"]
[Date "2015.02.06"]
[Round "1"]
[White "Ingauno64"]
[Black "Manolinex"]
[WhiteElo "2510"]
[BlackElo "2690"]
[Result "1/2-1/2"]
[Round "1"]
1.Ng1f3 Ng8f6
2.c4 g6
3.g3 c5
4.Bf1g2 Nb8c6
5.O-O Bf8g7
6.Nb1c3 d5
7.d4 O-O
8.dxc5 dxc4
9.Qd1a4 Qd8a5
10.Qa4xa5 Nc6xa5
11.Bc1e3 Rf8d8
12.Rf1d1 Bc8e6
13.Nf3d4 Be6d5
14.Nd4b5 Bd5xg2
15.Kxg2 Nf6g4
16.Be3d2 Na5c6
17.h3 Ng4e5
18.Ra1c1 Nc6b4
19.Nb5a3 f5
20.Bd2e3 Kf7
21.f4 Rd8xd1
22.Rc1xd1 Ne5c6
23.Na3xc4 Ra8d8
24.Rd1c1 Bg7xc3
25.bxc3 Nb4d5
26.Be3d4 Nd5f6
27.Bd4xf6 Kxf6
28.Rc1b1 { draw }
1/2-1/2

[Event "Tourn. n7991"]
[Site "www.chess-mail.com"]
[Date "2015.02.06"]
[Round "1"]
[White "Liencam2"]
[Black "Faerieking"]
[WhiteElo "2260"]
[BlackElo "2140"]
[Result "1-0"]
[Round "1"]
1.e4 e5
2.Ng1f3 f5
3.Nf3xe5 Nb8c6
4.Ne5xc6 bxc6
5.e5 d6
6.d4 Bc8e6
7.c4 dxe5
8.Qd1f3 Bf8b4
9.Bc1d2 e4
10.Qf3b3 Bb4xd2
11.Nb1xd2 Qd8xd4
12.Bf1e2 Ng8f6
13.Ra1d1 Qd4b6
14.Qb3g3 O-O
15.b3 f4
16.Qg3c3 e3
17.fxe3 fxe3
18.Nd2f3 Nf6e4
19.Qc3e5 Qb6b4
20.Kf1 Ne4d2
21.Kg1 Ra8e8
22.Qe5xe3 Nd2xf3
23.Be2xf3 Be6xc4
24.Qe3d4 Re8e1
25.Kf2 Re1xh1
26.Rd1xh1 c5
27.Qd4xc4 { resign }
1-0

[Event "Tourn. n8064"]
[Site "www.chess-mail.com"]
[Date "2015.02.06"]
[Round "1"]
[White "Roqueur"]
[Black "Krasin"]
[WhiteElo "2580"]
[BlackElo "2310"]
[Result "1-0"]
[Round "1"]
1.e4 d6
2.d4 Ng8f6
3.Nb1c3 g6
4.Bc1e3 Bf8g7
5.Qd1d2 O-O
6.f3 c5
7.dxc5 dxc5
8.Qd2xd8 Rf8xd8
9.Be3xc5 Nb8c6
10.Bf1b5 Nf6d7
11.Bc5f2 Nd7e5
12.a3 Bg7h6
13.Ng1e2 Bh6d2
14.Kf1 Ne5xf3
15.Bb5xc6 { resign }
1-0

[Event "Tourn. n7925"]
[Site "www.chess-mail.com"]
[Date "2015.02.06"]
[Round "1"]
[White "Seger"]
[Black "Asoka"]
[WhiteElo "2660"]
[BlackElo "2650"]
[Result "1/2-1/2"]
[Round "1"]
1.d4 Ng8f6
2.Ng1f3 d5
3.c4 e6
4.Nb1c3 Bf8e7
5.Bc1g5 O-O
6.e3 h6
7.Bg5xf6 Be7xf6
8.Ra1c1 c5
9.dxc5 dxc4
10.Bf1xc4 Qd8xd1
11.Kxd1 b6
12.cxb6 axb6
13.a3 Bc8b7
14.Rh1g1 Rf8c8
15.Nf3d2 g6
16.Ke2 Nb8d7
17.Rg1d1 Bb7xg2
18.Bc4b5 Bf6xc3
19.Bb5xd7 Rc8d8
20.Rc1xc3 Rd8xd7
21.f3 Ra8d8
22.Rc3c2 Bg2h3
23.Rd1c1 Rd7d5
24.Nd2e4 Kg7
25.Rc2d2 g5
26.Rd2xd5 exd5
27.Rc1d1 Bh3c8
28.Rd1d4 Bc8a6
{ draw }
1/2-1/2

[Event "Tourn. n7933"]
[Site "www.chess-mail.com"]
[Date "2015.02.06"]
[Round "1"]
[White "Xkafi"]
[Black "Apdash"]
[WhiteElo "1990"]
[BlackElo "2150"]
[Result "1-0"]
[Round "1"]
1.e4 c5
2.d4 cxd4
3.Bc1g5 Qd8a5
4.Bg5d2 Qa5d8
5.Ng1f3 d5
6.exd5 Qd8xd5
7.Bf1d3 Nb8c6
8.O-O Ng8f6
9.h3 e5
10.Rf1e1 Bf8d6
11.c4 dxc3
12.Bd2xc3 O-O
13.Qd1c2 Rf8e8
14.Nb1d2 Bd6b4
15.Nd2e4  { time }
1-0

[Event "Tourn. n7888"]
[Site "www.chess-mail.com"]
[Date "2015.02.06"]
[Round "1"]
[White "Susov"]
[Black "Hugol"]
[WhiteElo "1780"]
[BlackElo "1810"]
[Result "0-1"]
[Round "1"]
1.e4 e5
2.Ng1f3 Nb8c6
3.Nb1c3 Ng8f6
4.Bf1c4 Bf8c5
5.h3 O-O
6.d3 h6
7.a3 a5
8.Qd1e2 d6
9.Nc3d5 Bc8e6
10.Nd5xf6 Qd8xf6
11.Bc4xe6 fxe6
12.Bc1e3 Nc6d4
13.Be3xd4 Bc5xd4
14.c3 Bd4b6
15.O-O Ra8e8
16.b4 d5
17.Ra1b1 axb4
18.axb4 Qf6f4
19.Qe2d2 Rf8f7
20.Qd2xf4 exf4
21.Nf3e5 Rf7e7
22.Ne5g6 Re7f7
23.Kh2 f3
24.gxf3 Rf7xf3
25.Kg2 Rf3xd3
26.exd5 exd5
27.Rb1c1 Kh7
28.Ng6f4 Rd3d2
29.h4 Re8f8
30.Nf4h3 Rd2d3
31.Nh3g1 Rf8f4
32.h5 Rf4h4
33.Ng1f3 Rh4xh5
34.Rc1c2 Rh5f5
35.Nf3d4 Bb6xd4
36.cxd4 c6
37.Rf1b1 Rd3xd4
38.b5 Rf5g5
39.Kf1 Rg5h5
40.bxc6 bxc6
41.Rb1e1 Rh5h1
42.Ke2 Rd4e4
43.Kf3 Rh1xe1
44.Rc2xc6 h5
45.Rc6c5 Re1d1
46.Kg2 d4
47.Rc5xh5 Kg6
48.Rh5d5 d3
49.Kf3 Re4e1
50.Kg2 d2
{ resign }
0-1

[Event "Tourn. n8024"]
[Site "www.chess-mail.com"]
[Date "2015.02.06"]
[Round "1"]
[White "Pgcbies"]
[Black "Jose"]
[WhiteElo "2790"]
[BlackElo "2680"]
[Result "1/2-1/2"]
[Round "1"]
1.e4 e5
2.f4 Nb8c6
3.Ng1f3 f5
4.exf5 e4
5.Nf3e5 Ng8f6
6.Nb1c3 Qd8e7
7.Ne5g4 Nf6xg4
8.Qd1xg4 Qe7f7
9.Nc3xe4 d5
10.Ne4g5 Qf7xf5
11.Qg4xf5 Bc8xf5
12.c3 Bf8d6
13.d4 O-O
14.g3 Ra8e8
15.Kf2 h6
16.Ng5f3 g5
17.fxg5 Bf5e4
18.Bf1g2 Rf8xf3
19.Bg2xf3 Re8f8
20.Rh1f1 { draw }
1/2-1/2

[Event "Tourn. n8041"]
[Site "www.chess-mail.com"]
[Date "2015.02.06"]
[Round "1"]
[White "Tomcapp"]
[Black "Gorgo"]
[WhiteElo "1460"]
[BlackElo "1599"]
[Result "0-1"]
[Round "1"]
1.e4 e5
2.Ng1f3 Nb8c6
3.Bf1c4 Ng8f6
4.Nf3g5 d5
5.exd5 Nc6a5
6.d3 h6
7.Ng5f3 e4
8.dxe4 Na5xc4
9.Nb1d2 Nc4xd2
10.Qd1xd2 Bf8c5
11.e5 Nf6e4
12.Qd2f4 Qd8xd5
13.O-O g5
14.Nf3xg5 hxg5
15.Qf4f3 Qd5xe5
16.Bc1e3 Qe5xh2

0-1

[Event "Tourn. n8004"]
[Site "www.chess-mail.com"]
[Date "2015.02.06"]
[Round "1"]
[White "A27l"]
[Black "Gatrooper"]
[WhiteElo "1160"]
[BlackElo "1460"]
[Result "0-1"]
[Round "1"]
1.e4 e5
2.d3 h6
3.Ng1f3 Nb8c6
4.Bf1e2 a6
5.O-O d6
6.h3 Ng8f6
7.Nf3h2 Nc6d4
8.c3 Nd4c6
9.Be2g4 Bc8xg4
10.Nh2xg4 Nf6xg4
11.Qd1xg4 h5
12.Qg4d1 g5
 { time }
0-1

[Event "Tourn. n7965"]
[Site "www.chess-mail.com"]
[Date "2015.02.06"]
[Round "1"]
[White "Ffdd65"]
[Black "Jesmantiz"]
[WhiteElo "2150"]
[BlackElo "2170"]
[Result "0-1"]
[Round "1"]
1.e4 d6
2.d4 c6
3.Ng1f3 g6
4.c3 Bf8g7
5.Bf1c4 e6
6.O-O b5
7.Bc4b3 a5
8.a4 b4
9.Bc1d2 Nb8a6
10.Bb3a2 Ra8b8
11.b3 Ng8e7
12.c4 c5
13.Bd2e3 Qd8c7
14.Nb1d2 O-O
15.Ra1c1 f5
16.g3 cxd4
17.Nf3xd4 e5
18.Nd4b5 Qc7d8
19.Ba2b1 f4
20.gxf4 exf4
21.Be3d4 Bg7h6
22.f3 Bc8h3
23.Rf1f2 Ne7c6
24.Bd4b2 Na6c5
25.Nb5d4 Nc6e5
26.Nd2f1 Bh6g5
27.Nd4b5 Bg5h4
28.Rf2d2 Qd8g5
29.Kh1 Ne5g4
30.Qd1c2 Ng4e3
31.Nf1xe3 fxe3
32.Rc1g1 Qg5f4
33.e5 Qf4xf3
34.Rd2g2 Bh4f2
{ resign }
0-1

[Event "Tourn. n7832"]
[Site "www.chess-mail.com"]
[Date "2015.02.06"]
[Round "1"]
[White "Georgepapi"]
[Black "Rodemund"]
[WhiteElo "1670"]
[BlackElo "1610"]
[Result "1-0"]
[Round "1"]
1.e4 a6
2.d4 e6
3.Ng1f3 h6
4.Nb1c3 d6
5.Bf1c4 b5
6.Bc4b3 Bc8b7
7.O-O Nb8d7
8.Bc1f4 Ng8e7
9.Rf1e1 Ne7g6
10.Bf4g3 Nd7b6
11.a3 Bf8e7
12.Qd1e2 O-O
13.Ra1d1 Qd8d7
14.d5 e5
15.h3 Be7f6
16.Qe2e3 Rf8e8
17.h4 Nb6c4
18.Bb3xc4 bxc4
19.Nf3d2 Ng6xh4
20.Nd2xc4 Bf6g5
21.Qe3e2 a5
22.Qe2h5 Nh4g6
23.Nc4e3 Ng6f4
24.Bg3xf4 Bg5xf4
25.Qh5h4 Bb7c8
26.Ne3f5 Ra8b8
27.b3 Kh7
28.Nc3e2 Bf4g5
29.Qh4g3 g6
30.Nf5e3 Qd7e7
31.Qg3f3 h5
32.Ne3c4 Rb8a8
33.a4 Re8f8
34.Qf3c3 Qe7f6
35.Nc4xa5 Bg5h4
36.Re1f1 Qf6e7
37.Na5c6 Qe7e8
38.f4 Bh4f6
39.Qc3g3 Rf8g8
40.c4 Bc8g4
41.Rd1e1 Bg4d7
42.fxe5 dxe5
43.Rf1xf6 Qe8f8
44.Qg3xe5 { resign }
1-0

[Event "Tourn. n8009"]
[Site "www.chess-mail.com"]
[Date "2015.02.06"]
[Round "1"]
[White "Silent1"]
[Black "Llcervello"]
[WhiteElo "1870"]
[BlackElo "1720"]
[Result "1-0"]
[Round "1"]
1.d4 d5
2.c4 Ng8f6
3.Nb1c3 e6
4.e3 c6
5.Ng1f3 Nb8d7
6.Bf1d3 Nd7b6
7.O-O dxc4
8.Bd3c2 Qd8d6
9.e4 Nf6g4
10.h3 h5
11.e5 Qd6e7
12.Bc1g5 f6
13.Bc2g6 Kd8
14.Bg5f4 Qe7b4
15.Qd1b1 f5
16.hxg4 hxg4
17.Nf3g5 Qb4e7
18.Ng5f7 Kc7
19.Nf7xh8 Bc8d7
20.Bg6xf5 exf5
21.e6 Kd8
22.exd7 Qe7xd7
23.Bf4g5 Kc7
24.Bg5f4 Bf8d6
25.Bf4xd6 Qd7xd6
26.Nh8f7 Qd6xd4
27.Nf7g5 Qd4f6
28.Qb1c1 Ra8h8
29.Qc1f4 Kc8
30.Rf1e1 Nb6d7
31.Re1e6 Qf6f8
32.Ra1e1 Qf8b4
33.Re6e8 Rh8xe8
34.Re1xe8 { resign }
1-0

[Event "Tourn. n8035"]
[Site "www.chess-mail.com"]
[Date "2015.02.06"]
[Round "1"]
[White "Azulmarino"]
[Black "Gorgo"]
[WhiteElo "1550"]
[BlackElo "1599"]
[Result "0-1"]
[Round "1"]
1.e4 e5
2.Ng1f3 Nb8c6
3.Nb1c3 Ng8f6
4.d3 d5
5.Bc1d2 d4
6.Nc3e2 h5
7.h3 a6
8.g3 Bf8e7
9.Bd2g5 Bc8e6
10.Bf1g2 Qd8d6
11.h4 O-O-O
12.O-O Kb8
13.a3 Be6g4
14.Bg5xf6 Qd6xf6
15.Ne2c1 Rd8g8
16.Nc1b3 g5
17.Qd1d2 Bg4xf3
18.hxg5 Rg8xg5
19.Nb3c1 h4
20.Nc1e2 h3
21.Bg2h1 h2

0-1

[Event "Tourn. n7829"]
[Site "www.chess-mail.com"]
[Date "2015.02.06"]
[Round "1"]
[White "Muller42"]
[Black "Odin"]
[WhiteElo "1649"]
[BlackElo "1650"]
[Result "1-0"]
[Round "1"]
1.e4 e5
2.Ng1f3 d6
3.Bf1c4 h6
4.d4 Bc8g4
5.dxe5 Nb8c6
6.exd6 cxd6
7.O-O Ng8f6
8.Rf1e1 Bf8e7
9.Bc1f4 O-O
10.Nb1c3 Nc6e5
11.Bf4xe5 Bg4xf3
12.Qd1xf3 dxe5
13.Ra1d1 Qd8b6
14.Bc4b3 Ra8d8
15.Nc3d5 Nf6xd5
16.exd5 Be7d6
17.Re1e4 a5
18.a4 f5
19.Re4h4 Rf8f6
20.g4 e4
21.Qf3g2 Rf6g6
22.h3 Kf8
23.Kh1 Bd6e7
24.Rh4h5 Ke8
25.Rh5xf5 e3
26.fxe3 Qb6xe3
27.d6 Rg6xd6
28.Rf5d5 Qe3f4
29.Rd5xd6 Be7xd6
30.Qg2e2 Qf4e5
31.Qe2xe5 Bd6xe5
32.Rd1e1 Rd8d2
33.Re1xe5 Kf8
34.Re5xa5 b6
35.Ra5b5 Rd2d6
36.Bb3a2 g5
37.b4 Rd6d1
38.Kg2 Rd1d2
39.Kf3 Rd2xc2
40.Ba2e6 Rc2c6
41.Be6f5 Kg7
42.Ke3 Rc6c3
43.Bf5d3 Rc3c6
44.a5 bxa5
45.bxa5 Rc6a6
46.Rb5b7 Kf6
47.Bd3xa6 Ke5
48.Rb7h7 { resign }
1-0

[Event "Tourn. n7952"]
[Site "www.chess-mail.com"]
[Date "2015.02.06"]
[Round "1"]
[White "Numanoid"]
[Black "Woodpusher2"]
[WhiteElo "2600"]
[BlackElo "2510"]
[Result "1/2-1/2"]
[Round "1"]
1.e4 e5
2.Ng1f3 Nb8c6
3.d4 exd4
4.Nf3xd4 Bf8b4
5.c3 Bb4c5
6.Nd4xc6 bxc6
7.Bf1c4 Qd8h4
8.O-O Ng8f6
9.Nb1d2 O-O
10.Nd2f3 Qh4h5
11.e5 d5
12.Bc4d3 Nf6e4
13.Qd1c2 Bc5b6
14.a4 a5
15.Bd3xe4 dxe4
16.Qc2xe4 Ra8b8
17.Rf1e1 Qh5f5
18.Qe4xf5 Bc8xf5
19.b4 h6
20.h3 Rf8d8
21.Bc1e3 Bb6xe3
22.Re1xe3 axb4
23.cxb4 Rb8xb4
24.Re3c3 Rb4b6
25.g4 Bf5e4
26.Nf3e1 g5
27.Kh2 { draw }
1/2-1/2

[Event "Tourn. n7893"]
[Site "www.chess-mail.com"]
[Date "2015.02.06"]
[Round "1"]
[White "Leswamp"]
[Black "Woodpusher2"]
[WhiteElo "2430"]
[BlackElo "2450"]
[Result "0-1"]
[Round "1"]
1.d4 Ng8f6
2.c4 c5
3.d5 e6
4.Nb1c3 exd5
5.cxd5 d6
6.Ng1f3 g6
7.Nf3d2 Bf8g7
8.e4 O-O
9.Bf1e2 Nb8a6
10.O-O Qd8e7
11.Rf1e1 Na6c7
12.a4 b6
13.h3 Rf8e8
14.Be2b5 Nc7xb5
15.axb5 Nf6d7
16.Nd2c4 Bc8b7
17.Bc1f4 Nd7e5
18.Bf4xe5 Bg7xe5
19.Nc4xe5 Qe7xe5
20.Qd1d2 f6
21.Ra1a4 a6
22.Qd2d3 a5
23.Ra4a1 Ra8b8
24.Re1e3 Bb7c8
25.Qd3e2 Bc8d7
26.g4 Kf7
27.Kg2 h5
28.Ra1h1 Re8e7
29.Re3g3 Rb8h8
30.Rg3e3 hxg4
31.hxg4 Rh8xh1
32.Kxh1 Qe5g5
33.Re3g3 Re7e8
34.f3 Re8h8
35.Kg1 Qg5c1
36.Kf2 a4
37.Nc3d1 Rh8h2
38.Rg3g2 Bd7xb5
39.Qe2xb5 Qc1d2
40.Qb5e2 Rh2xg2
{ resign }
0-1

[Event "Tourn. n7964"]
[Site "www.chess-mail.com"]
[Date "2015.02.06"]
[Round "1"]
[White "Genius9"]
[Black "Iko"]
[WhiteElo "1270"]
[BlackElo "1420"]
[Result "1-0"]
[Round "1"]
1.Ng1f3 d5
2.c4 c6
3.cxd5 cxd5
4.d4 Nb8c6
5.Nb1c3 e5
6.dxe5 Bc8g4
7.Qd1xd5 Bf8b4
8.Qd5xd8 Ra8xd8
9.Bc1d2 Bg4xf3
10.exf3 Nc6xe5
11.O-O-O Ng8f6
12.Bf1b5 Ne5c6
13.Bb5xc6 bxc6
14.Rh1e1 Bb4e7
15.Bd2g5 O-O
16.Bg5xf6 Be7xf6
17.Kc2 a5
18.Nc3e4 Bf6d4
19.Re1e2 Rf8e8
20.Rd1xd4 Rd8xd4
21.Ne4f6 Kf8
22.Re2xe8 
1-0

[Event "Tourn. n8067"]
[Site "www.chess-mail.com"]
[Date "2015.02.06"]
[Round "1"]
[White "Attatroll"]
[Black "Gorgo"]
[WhiteElo "1990"]
[BlackElo "2009"]
[Result "0-1"]
[Round "1"]
1.e4 e5
2.Ng1f3 Nb8c6
3.d4 exd4
4.Bf1c4 Ng8f6
5.O-O Nf6xe4
6.Rf1e1 d5
7.Bc4b3 Bc8e6
8.Nf3xd4 Nc6xd4
9.Qd1xd4 Bf8c5
10.Qd4xg7 Qd8h4
11.Qg7xh8 Kd7
12.g3 Bc5xf2
13.Kg2 Qh4h3
14.Kf3 Qh3h5
15.Kg2 Be6h3
16.Kh1 Qh5f3

0-1

[Event "Tourn. n8048"]
[Site "www.chess-mail.com"]
[Date "2015.02.06"]
[Round "1"]
[White "Groz"]
[Black "Amaya"]
[WhiteElo "1809"]
[BlackElo "1870"]
[Result "1-0"]
[Round "1"]
1.g3 e5
2.Bf1g2 d5
3.e3 Ng8f6
4.Ng1e2 Bf8e7
5.a3 O-O
6.O-O Bc8d7
7.d4 e4
8.c4 c6
9.Nb1c3 Bd7e6
10.cxd5 Nf6xd5
11.Bg2xe4 Be6h3
12.Be4g2 Qd8d7
13.Nc3xd5 cxd5
14.Ne2f4 Bh3g4
15.Qd1b3 Bg4e6
16.Bg2xd5 Nb8c6
17.Bd5xe6 fxe6
18.Qb3xe6 { resign }
1-0

[Event "Match"]
[Site "www.echecsemail.com"]
[Date "2015.02.06"]
[Round "1"]
[White "Iko"]
[Black "Vattila2010"]
[WhiteElo "1450"]
[BlackElo "1820"]
[Result "0-1"]
[Round "1"]
1.e4 c6
2.Bf1c4 b5
3.Bc4b3 a5
4.Qd1f3 e6
5.Ng1h3 a4
6.Nh3g5 Qd8xg5
7.d3 Qg5xc1
8.Qf3d1 Qc1xd1
9.Kxd1 axb3
10.cxb3 b4
11.Nb1d2 c5
12.Ra1c1 Ra8xa2
13.Rc1xc5 Bf8xc5
14.Nd2c4 Ra2a1
15.Ke2 Ra1xh1
16.h3 Bc8a6
17.e5 Ba6xc4
18.bxc4 Nb8c6
19.b3 Nc6xe5
20.g4 Rh1xh3
21.f3 Rh3xf3
22.Kd2 Rf3xd3
23.Kc2 Rd3d4
24.g5 h5
25.gxh6 gxh6
26.Kc1 Ng8f6
27.Kc2 Rh8g8
28.Kb2 Rg8g2
29.Kc1 Rd4h4
30.Kd1 Rh4h1

0-1

[Event "Match"]
[Site "www.echecsemail.com"]
[Date "2015.02.06"]
[Round "1"]
[White "Juodivarnai"]
[Black "Joseph1983"]
[WhiteElo "2140"]
[BlackElo "2150"]
[Result "1-0"]
[Round "1"]
1.e4 c5
2.Ng1f3 g6
3.d4 cxd4
4.Qd1xd4 Ng8f6
5.e5 Nb8c6
6.Qd4a4 Nf6d5
7.Qa4e4 Nd5b6
8.Bc1f4 Bf8g7
9.Nb1c3 O-O
10.O-O-O d6
11.exd6 Bc8f5
12.dxe7 Qd8xe7
13.Qe4xe7 Nc6xe7
14.Bf4e5 Ne7c6
15.Be5xg7 Kxg7
16.Bf1b5 Nc6b4
17.Nf3d4 Bf5g4
18.f3 Bg4d7
19.Bb5xd7 Nb6xd7
20.a3 Nb4a6
21.Nd4f5 gxf5
22.Rd1xd7 Na6c5
23.Rd7d5 b6
24.Rd5xf5 Ra8d8
25.Rf5d5 Rd8xd5
26.Nc3xd5 Rf8d8
27.Rh1d1 Nc5e6
28.c4 Ne6c5
29.Nd5e3 Rd8xd1
30.Kxd1 { resign }
1-0

[Event "Match"]
[Site "www.echecsemail.com"]
[Date "2015.02.06"]
[Round "1"]
[White "Hrob71"]
[Black "Konnan"]
[WhiteElo "1499"]
[BlackElo "1499"]
[Result "1-0"]
[Round "1"]
1.e4 e5
2.d4 Nb8c6
3.Ng1f3 d6
4.dxe5 dxe5
5.Qd1xd8 Nc6xd8
6.Nf3xe5 Nd8c6
7.Ne5xc6 Bc8d7
8.Nc6e5 f6
9.Ne5xd7 O-O-O
10.Nd7xf8 Rd8xf8
11.Nb1c3 Ng8e7
12.Bc1f4 Rf8d8
13.Bf1d3 g5
14.Bf4g3 Ne7c6
15.Nc3d5 Nc6d4
16.Nd5xc7 Rh8f8
17.Nc7d5 Rf8e8
18.Nd5xf6 Re8e7
19.O-O-O { resign }
1-0

[Event "Match"]
[Site "www.echecsemail.com"]
[Date "2015.02.06"]
[Round "1"]
[White "Azulmarino"]
[Black "Sagara1977"]
[WhiteElo "1550"]
[BlackElo "1550"]
[Result "0-1"]
[Round "1"]
1.e4 e5
2.Ng1f3 Qd8f6
3.Bf1c4 Nb8c6
4.Nb1c3 Nc6d4
5.Nc3d5 Nd4xf3
6.gxf3 Qf6c6
7.Qd1e2 Ng8e7
8.d3 Ne7xd5
9.exd5 Qc6f6
10.Rh1g1 Bf8c5
11.Bc1g5 Qf6b6
12.Bg5e3 Qb6xb2
13.Ra1c1 Bc5xe3
14.Qe2xe3 d6
15.Qe3g5 g6
16.Kf1 h6
17.Qg5d2 a5
18.Kg2 Qb2d4
19.h3 Qd4h4
20.Rg1h1 O-O
21.Rc1e1 a4
22.Re1e4 Qh4g5
23.Qd2xg5 hxg5
24.a3 Ra8a5
25.Rh1b1 Ra5c5
26.h4 f5
27.Re4e1 gxh4
28.Kh3 g5
29.Re1g1 g4
30.fxg4 fxg4
31.Kxh4 Rf8xf2
32.c3 Rf2c2
33.Rb1f1 Rc2xc3
34.Kg5 b5
35.Rg1h1 g3
36.Rh1g1 Bc8h3
37.Rf1f6 g2
38.Kh4 bxc4
39.Kxh3 Rc3c2
40.Rf6f3 cxd3
41.Rf3xd3 Rc2c3
42.Rg1xg2 Kf8
43.Rd3xc3 Rc5xc3
44.Kg4 Rc3xa3
45.Kf5 Ra3c3
46.Rg2a2 a3
47.Ke6 Ke8
48.Kf5 Kd7
49.Ke4 c6
50.Ra2d2 Kc7
51.dxc6 Kxc6
52.Rd2d5 Rc3c5
53.Rd5d2 Rc5a5
54.Rd2c2 Kd7
55.Kd3 a2
56.Rc2c1 a1Q
57.Rc1xa1 Ra5xa1
58.Ke4 Ke6
{ resign }
0-1

[Event "Match"]
[Site "www.echecsemail.com"]
[Date "2015.02.06"]
[Round "1"]
[White "Nham"]
[Black "Genius9"]
[WhiteElo "1499"]
[BlackElo "1220"]
[Result "1-0"]
[Round "1"]
1.d4 g6
2.e4 Bf8g7
3.f4 d6
4.Ng1f3 Ng8f6
5.Nb1c3 O-O
6.e5 dxe5
7.fxe5 Nf6d5
8.Nc3e4 Bc8g4
9.c4 Nd5b6
10.Bc1e3 Nb8c6
11.Qd1d2 a5
12.Bf1e2 Bg4xf3
13.gxf3 Nb6d7
14.Ra1d1 e6
15.O-O Nd7b6
16.Be3g5 Qd8c8
17.Bg5f6 Rf8d8
18.Bf6xd8 Qc8xd8
19.f4 Nc6b4
20.a3 Nb4c6
21.d5 exd5
22.cxd5 Nc6e7
23.d6 cxd6
24.Qd2xd6 Qd8xd6
25.Ne4xd6 Ra8b8
26.Rd1c1 Nb6d5
27.Rc1c5 b6
28.Rc5c1 Nd5xf4
29.Be2c4 Bg7xe5
30.Nd6xf7 Be5d4
31.Kh1 Nf4d5
32.Rc1d1 Bd4c5
33.Bc4xd5 Ne7xd5
34.Rd1xd5 { resign }
1-0

[Event "Match"]
[Site "www.echecsemail.com"]
[Date "2015.02.06"]
[Round "1"]
[White "Tenzinnima"]
[Black "Chapi"]
[WhiteElo "2270"]
[BlackElo "1980"]
[Result "0-1"]
[Round "1"]
1.e4 c5
2.Ng1f3 Nb8c6
3.d4 cxd4
4.Nf3xd4 g6
5.Nb1c3 Bf8g7
6.Bc1e3 Ng8f6
7.f3 O-O
8.Qd1d2 Qd8b6
9.O-O-O Nc6xd4
10.Qd2xd4 Qb6c6
11.Bf1c4 a6
12.h4 Nf6g4
13.Qd4d2 Ng4xe3
14.Qd2xe3 Qc6xc4
15.Kb1 d6
16.h5 Bc8e6
17.h6 Bg7xc3
18.Qe3xc3 Qc4xc3
19.bxc3 Ra8c8
20.Rd1d3 Rc8c5
21.Rd3d4 Rc5xc3
22.Rd4b4 b5
23.a4 Be6d7
24.axb5 Bd7xb5
25.Rh1e1 Rf8c8
26.Rb4b2 f6
27.f4 Bb5a4
28.Re1e2 Kf7
29.e5 dxe5
30.fxe5 g5
31.exf6 exf6
32.Rb2b7 Kg6
33.g4 Ba4xc2
34.Ka2 Bc2d1
35.Re2e7 Rc3c2
36.Ka3 Rc8c3
37.Kb4 Bd1xg4
38.Re7xh7 Rc3h3
39.Rb7g7 Kf5
40.Rh7h8 Rc2h2
41.h7 Bg4f3
42.Kc5 g4
43.Kd6 g3
44.Rh8f8 g2
45.Ke7 Rh3h6
46.Kf7 Rh6xh7
47.Rg7xh7 Rh2xh7
48.Kg8 Rh7h1
{ resign }
0-1

[Event "Match"]
[Site "www.echecsemail.com"]
[Date "2015.02.06"]
[Round "1"]
[White "Hrob71"]
[Black "Pariolinius"]
[WhiteElo "1499"]
[BlackElo "1810"]
[Result "1-0"]
[Round "1"]
1.e4 c5
2.Ng1f3 e6
3.d4 cxd4
4.Nf3xd4 Bf8c5
5.Bc1e3 e5
6.Nd4b5 Bc5xe3
7.Nb5d6 Kf8
8.fxe3 Nb8c6
9.Bf1c4 Ng8h6
10.O-O Qd8e7
11.Nb1c3 g6
12.Nd6xc8 Ra8xc8
13.Bc4b3 Kg7
14.Nc3d5 Qe7c5
15.Qd1f3 Qc5d6
16.Ra1d1 Qd6e6
17.Nd5b6 { resign }
1-0